[Event "AUT-chT2W 1819"]
[Site "Austria"]
[Date "2019.03.09"]
[Round "10.3"]
[White "Rotstein, Arkadij"]
[Black "Hoefelsauer, Thomas"]
[Result "0-1"]
[WhiteElo "2481"]
[BlackElo "2339"]
[PlyCount "104"]
[EventDate "2018.10.12"]
[EventType "team-tourn"]
[EventRounds "11"]
[EventCountry "AUT"]
[SourceTitle "CBM 189 Extra"]
[Source "ChessBase"]
[SourceDate "2019.06.03"]
[SourceVersion "1"]
[SourceVersionDate "2019.06.03"]
[SourceQuality "1"]
[WhiteTeam "Absam"]
[BlackTeam "Wolfurt"]
[WhiteTeamCountry "AUT"]
[BlackTeamCountry "AUT"]

1. Nf3 d5 2. g3 Nf6 3. Bg2 c6 4. 0-0 Bf5 5. d3 e6 6. Nh4 Bg6 7. Nxg6 hxg6 8. c4 Be7 9. Nc3 0-0 10. Qb3 Qb6 11. d4 Nbd7 12. Rd1 Rfd8 13. Bg5 Re8 14. Rac1 Qb4 15. Qxb4 Bxb4 16. cxd5 exd5 17. Kf1 Nb6 18. Bxf6 gxf6 19. a3 Bf8 20. e4 dxe4 21. Nxe4 Kg7 22. Nc5 Rab8 23. Nxb7 Rxb7 24. Bxc6 Ree7 25. Bxb7 Rxb7 26. d5 Rd7 27. Rd4 f5 28. d6 Kf6 29. Rc7 Ke6 30. Rxd7 Kxd7 31. a4 Bxd6 32. a5 Na8 33. Ke2 Nc7 34. Kd3 Ke6 35. Kc4 a6 36. Rh4 Be5 37. b4 Nb5 38. Rh7 Nd6+ 39. Kb3 Bd4 40. f3 Kd5 41. h4 Ke6 42. h5 g5 43. h6 Ne8 44. Kc4 Be5 45. Kd3 Ke7 46. f4 gxf4 47. gxf4 Bf6 48. Kc4 Kf8 49. Kc5 Kg8 50. Rg7+ Nxg7 51. hxg7 Be7+ 52. Kc4 Bd6 0-1

[Event "AUT-chT2W 1819"]
[Site "Austria"]
[Date "2019.02.10"]
[Round "8.1"]
[White "Frank, Emanuel"]
[Black "Rotstein, Arkadij"]
[Result "0-1"]
[WhiteElo "2175"]
[BlackElo "2481"]
[PlyCount "69"]
[EventDate "2018.10.12"]
[EventType "team-tourn"]
[EventRounds "11"]
[EventCountry "AUT"]
[SourceTitle "CBM 189 Extra"]
[Source "ChessBase"]
[SourceDate "2019.06.03"]
[SourceVersion "1"]
[SourceVersionDate "2019.06.03"]
[SourceQuality "1"]
[WhiteTeam "Salzburg ASK"]
[BlackTeam "Absam"]
[WhiteTeamCountry "AUT"]
[BlackTeamCountry "AUT"]

1. d4 Nf6 2. c4 e6 3. g3 c5 4. d5 exd5 5. cxd5 d6 6. Nc3 g6 7. Bg2 Bg7 8. Nf3 0-0 9. 0-0 Re8 10. Bf4 Na6 11. Re1 Bf5 12. Nh4 Bd7 13. a4 h6 14. Nf3 g5 15. Bd2 Bf5 16. h4 g4 17. Nh2 Qd7 18. e4 Bg6 19. Bf4 Nh5 20. Qxg4 Qxg4 21. Nxg4 Nxf4 22. gxf4 Nb4 23. Ne3 Nd3 24. Nc4 Nxb2 25. Nxb2 Bxc3 26. Re2 f5 27. f3 a6 28. a5 Re7 29. Ra3 Bd4+ 30. Kh2 Rf8 31. Nc4 fxe4 32. Nxd6 e3 33. Ne4 Rxf4 34. d6 Rg7 35. Rd3 0-1

[Event "Figueira da Foz op 12th"]
[Site "Figueira da Foz"]
[Date "2018.11.03"]
[Round "8"]
[White "Galego, Luis"]
[Black "Rotstein, Arkadij"]
[Result "1-0"]
[WhiteElo "2473"]
[BlackElo "2476"]
[PlyCount "90"]
[EventDate "2018.10.28"]
[EventType "swiss"]
[EventRounds "9"]
[EventCountry "POR"]
[SourceTitle "CBM 187 Extra"]
[Source "ChessBase"]
[SourceDate "2018.11.04"]
[SourceVersion "1"]
[SourceVersionDate "2018.11.04"]
[SourceQuality "1"]

1. d4 Nf6 2. Nf3 g6 3. g3 Bg7 4. Bg2 0-0 5. 0-0 d6 6. a4 Nbd7 7. a5 c5 8. a6 bxa6 9. Ne5 dxe5 10. dxe5 Rb8 11. exf6 Nxf6 12. Qxd8 Rxd8 13. Nc3 e6 14. Na4 c4 15. Be3 Bb7 16. Bxa7 Bxg2 17. Kxg2 Rb7 18. Be3 Nd5 19. Bg5 Rc8 20. c3 Rb5 21. Bd2 f5 22. Rfe1 Rd8 23. e4 Nf6 24. Bg5 Re8 25. exf5 gxf5 26. Bxf6 Bxf6 27. Rad1 Kf7 28. Rd6 Ra5 29. Nb6 Rc5 30. f4 Re7 31. Kf3 Bg7 32. Ra1 Rb7 33. Rxa6 e5 34. fxe5 Bxe5 35. Rd7+ Rxd7 36. Nxd7 Rd5 37. Nxe5+ Rxe5 38. Rb6 Re4 39. h3 h5 40. Rh6 Re5 41. Rxh5 Rb5 42. Kf4 Ke6 43. Rh6+ Kd5 44. Rf6 Rxb2 45. Rxf5+ Kd6 1-0

[Event "AUT-chT2W 1819"]
[Site "Austria"]
[Date "2018.10.13"]
[Round "2.1"]
[White "Bilchinski, Anton"]
[Black "Rotstein, Arkadij"]
[Result "1/2-1/2"]
[WhiteElo "2301"]
[BlackElo "2481"]
[PlyCount "69"]
[EventDate "2018.10.12"]
[EventType "team-tourn"]
[EventRounds "11"]
[EventCountry "AUT"]
[SourceTitle "CBM 186 Extra"]
[Source "ChessBase"]
[SourceDate "2018.08.24"]
[SourceVersion "1"]
[SourceVersionDate "2018.08.24"]
[SourceQuality "1"]
[WhiteTeam "Pradl"]
[BlackTeam "Absam"]
[WhiteTeamCountry "AUT"]
[BlackTeamCountry "AUT"]

1. d4 Nf6 2. c4 d6 3. Nf3 Nbd7 4. Nc3 e5 5. g3 g6 6. Bg2 Bg7 7. 0-0 0-0 8. b3 exd4 9. Nxd4 Re8 10. Bb2 Nc5 11. Qc2 a5 12. Rad1 c6 13. h3 Qb6 14. Ba3 Nfd7 15. e3 Ne5 16. Nde2 a4 17. Bxc5 Qxc5 18. Nxa4 Rxa4 19. bxa4 Nxc4 20. Nf4 Nb2 21. Qxc5 dxc5 22. Rc1 c4 23. Rc2 c3 24. a5 Bf5 25. e4 Be6 26. Nxe6 fxe6 27. Rfc1 Ra8 28. Rxc3 Bxc3 29. Rxc3 Rxa5 30. Rb3 Rxa2 31. Rxb7 Nd3 32. Rc7 Rc2 33. e5 Nxf2 34. Re7 Nd3 35. Rxe6 1/2-1/2

[Event "Cesenatico op 22nd"]
[Site "Cesenatico"]
[Date "2018.09.06"]
[Round "6"]
[White "Genocchio, Daniele"]
[Black "Rotstein, Arkadij"]
[Result "1/2-1/2"]
[WhiteElo "2373"]
[BlackElo "2481"]
[PlyCount "23"]
[EventDate "2018.09.01"]
[EventType "swiss"]
[EventRounds "9"]
[EventCountry "ITA"]
[SourceTitle "CBM 186 Extra"]
[Source "ChessBase"]
[SourceDate "2018.08.24"]
[SourceVersion "1"]
[SourceVersionDate "2018.08.24"]
[SourceQuality "1"]

1. d4 Nf6 2. c4 e6 3. Nc3 Bb4 4. e3 0-0 5. Nge2 d5 6. a3 Bd6 7. cxd5 exd5 8. Ng3 Re8 9. Be2 c6 10. 0-0 Nbd7 11. Qc2 Nf8 12. b4 1/2-1/2

[Event "La Palma Island op"]
[Site "Santa Cruz de La Palma"]
[Date "2018.08.11"]
[Round "2"]
[White "Rotstein, Arkadij"]
[Black "Spiler, Angelo"]
[Result "1/2-1/2"]
[WhiteElo "2475"]
[BlackElo "2047"]
[PlyCount "132"]
[EventDate "2018.08.10"]
[EventType "swiss"]
[EventRounds "10"]
[EventCountry "ESP"]
[SourceTitle "CBM 186 Extra"]
[Source "ChessBase"]
[SourceDate "2018.08.24"]
[SourceVersion "1"]
[SourceVersionDate "2018.08.24"]
[SourceQuality "1"]

1. e4 c5 2. d3 g6 3. g3 Bg7 4. Bg2 e6 5. Ne2 h5 6. h4 Nc6 7. c3 b6 8. Nd2 Ne5 9. Nf3 Nxf3+ 10. Bxf3 Bb7 11. 0-0 Rc8 12. Bg2 Nh6 13. d4 cxd4 14. Nxd4 a6 15. Bxh6 Bxh6 16. e5 Bxg2 17. Kxg2 Qc7 18. Re1 0-0 19. Qd3 b5 20. Qe4 d5 21. Qe2 Qc4 22. a3 Qxe2 23. Rxe2 Rc4 24. Rd1 Rfc8 25. f3 Bf8 26. Rd3 Be7 27. f4 Bd8 28. Kf3 Bb6 29. Red2 Bxd4 30. Rxd4 Kg7 31. Ke3 Kf8 32. R2d3 Ke7 33. Kd2 a5 34. b3 Rxd4 35. Rxd4 Rb8 36. Kc2 Rc8 37. Kb2 Kd7 38. a4 Kc6 39. Kc2 Kb6 40. Kd3 Ka6 41. axb5+ Kxb5 42. Ra4 Rc7 43. Ra2 Rd7 44. Kd4 Rd8 45. Rg2 a4 46. bxa4+ Kxa4 47. Ra2+ Kb3 48. Ra7 Rc8 49. Rxf7 Rc4+ 50. Ke3 Rxc3+ 51. Kf2 Rc2+ 52. Kf1 Rc1+ 53. Ke2 Rc2+ 54. Kd1 Rg2 55. Rf6 Rxg3 56. Rxe6 Kc3 57. Ke2 Kd4 58. Kf2 Rg4 59. Kf3 Rxh4 60. Rxg6 Rh1 61. e6 Rf1+ 62. Ke2 Rxf4 63. Rh6 Re4+ 64. Kd2 Kc5 65. e7 Rxe7 66. Rxh5 Re4 1/2-1/2

[Event "Gioiosa Marea op 22nd"]
[Site "Gioiosa Marea"]
[Date "2018.06.18"]
[Round "2"]
[White "Favaloro, Andrea"]
[Black "Rotstein, Arkadij"]
[Result "1/2-1/2"]
[WhiteElo "2209"]
[BlackElo "2490"]
[PlyCount "112"]
[EventDate "2018.06.17"]
[EventType "swiss"]
[EventRounds "9"]
[EventCountry "ITA"]
[SourceTitle "CBM 185 Extra"]
[Source "ChessBase"]
[SourceDate "2018.07.29"]
[SourceVersion "1"]
[SourceVersionDate "2018.07.29"]
[SourceQuality "1"]

1. Nf3 g6 2. d4 Nf6 3. c4 Bg7 4. g3 0-0 5. Bg2 d6 6. 0-0 Nbd7 7. Nc3 e5 8. e4 exd4 9. Nxd4 Re8 10. h3 a6 11. Be3 Rb8 12. a4 a5 13. Qc2 c6 14. Rad1 Qe7 15. Rfe1 h5 16. f4 Nc5 17. Bf2 Nfd7 18. Kh2 Na6 19. Nf3 Ndc5 20. Ng5 Qc7 21. Qd2 Bf8 22. Re2 f6 23. Nf3 Be6 24. Qd4 Qf7 25. Nd2 Nb4 26. Bg1 Rbd8 27. Rf1 f5 28. exf5 Bxf5 29. Rxe8 Rxe8 30. Nf3 Bd3 31. Rd1 Nc2 32. Qf2 Ne3 33. Re1 Nxg2 34. Rxe8 Qxe8 35. Qxg2 Bg7 36. Bd4 Bxd4 37. Nxd4 Qe3 38. Nc2 Qe6 39. Qd2 Bf1 40. Nd4 Qxh3+ 41. Kg1 Bxc4 42. Qe3 Kf7 43. f5 gxf5 44. Qf4 h4 45. Nxf5 Ke6 46. Qxd6+ Kxf5 47. Qxc5+ Bd5 48. Qf8+ Ke5 49. Qf4+ Ke6 50. Nxd5 Kxd5 51. gxh4 Qd3 52. Qf7+ Kc5 53. Qxb7 Qg3+ 54. Kf1 Qf4+ 55. Kg1 Qg4+ 56. Kf1 Qc4+ 1/2-1/2

[Event "Gioiosa Marea op 22nd"]
[Site "Gioiosa Marea"]
[Date "2018.06.17"]
[Round "1"]
[White "Rotstein, Arkadij"]
[Black "Musso, Andrea"]
[Result "1-0"]
[WhiteElo "2490"]
[BlackElo "2002"]
[PlyCount "47"]
[EventDate "2018.06.17"]
[EventType "swiss"]
[EventRounds "9"]
[EventCountry "ITA"]
[SourceTitle "CBM 185 Extra"]
[Source "ChessBase"]
[SourceDate "2018.07.29"]
[SourceVersion "1"]
[SourceVersionDate "2018.07.29"]
[SourceQuality "1"]

1. Nf3 Nf6 2. c4 e6 3. g3 b6 4. Bg2 Bb7 5. 0-0 Be7 6. Nc3 0-0 7. Re1 d5 8. cxd5 Nxd5 9. e4 Nb4 10. d4 c5 11. d5 exd5 12. exd5 Bf6 13. Ne5 Re8 14. Bf4 Bxe5 15. Rxe5 Rxe5 16. Bxe5 Nd7 17. Bf4 Nf6 18. Bg5 h6 19. Bxf6 Qxf6 20. a3 Na6 21. Qa4 Nc7 22. Qd7 Qd8 23. Qxd8+ Rxd8 24. d6 1-0

[Event "Forni di Sopra op 9th"]
[Site "Forni di Sopra"]
[Date "2018.06.10"]
[Round "2"]
[White "Rotstein, Arkadij"]
[Black "Dappiano, Andrea"]
[Result "1-0"]
[WhiteElo "2490"]
[BlackElo "2279"]
[PlyCount "87"]
[EventDate "2018.06.09"]
[EventType "swiss"]
[EventRounds "9"]
[EventCountry "ITA"]
[SourceTitle "CBM 184 Extra"]
[Source "ChessBase"]
[SourceDate "2018.06.28"]
[SourceVersion "1"]
[SourceVersionDate "2018.06.28"]
[SourceQuality "1"]

1. e4 e6 2. d3 c5 3. Nf3 Nc6 4. g3 d5 5. Qe2 Nf6 6. Bg2 Be7 7. 0-0 0-0 8. e5 Nd7 9. c4 Nb6 10. b3 a5 11. a4 Bd7 12. Na3 Nb4 13. Bf4 Bc6 14. Rad1 Qc7 15. h4 Rad8 16. Nb5 Bxb5 17. axb5 a4 18. bxa4 Nxa4 19. Ra1 Ra8 20. h5 Rfd8 21. h6 dxc4 22. dxc4 Nc3 23. Qb2 Rxa1 24. Rxa1 Nd1 25. Qb3 Qd7 26. Bd2 Nxf2 27. Kxf2 Nd3+ 28. Ke2 Nxe5 29. Rd1 Ng4 30. Bf4 Qxd1+ 31. Qxd1 Rxd1 32. Kxd1 Nxh6 33. Nd2 b6 34. Bc7 Nf5 35. Bxb6 Bd6 36. Ke2 Nd4+ 37. Kf2 f5 38. Ba7 e5 39. Bd5+ Kf8 40. b6 e4 41. b7 Nc2 42. Nb3 Nb4 43. Bxc5 Nd3+ 44. Kg2 1-0